000 00224nam a22000857a 4500
008 161229b xxu||||| |||| 00| 0 eng d
100 _92233
_aSingh.G
245 _aApc of General Knowledgle-6
260 _aNew Delhi
_bFaith Book
_c2010
999 _c5120
_d5120